[Event "Chioggia op-A 05th"]
[Site "Chioggia"]
[Date "2010.10.08"]
[Round "1"]
[White "Polin, Giulia"]
[Black "Boscolo Meneguolo, Federico"]
[Result "0-1"]
[WhiteElo "1861"]
[BlackElo "2152"]
[PlyCount "204"]
[EventDate "2010.10.08"]
[EventType "swiss"]
[EventRounds "5"]
[EventCountry "ITA"]
[SourceTitle "EXT 2022"]
[Source "ChessBase"]
[SourceDate "2021.10.06"]
[SourceVersion "1"]
[SourceVersionDate "2021.10.06"]
[SourceQuality "1"]

1. e4 c5 2. Nf3 d6 3. d4 cxd4 4. Nxd4 Nf6 5. Nc3 a6 6. Be2 g6 7. Be3 Bg7 8. 0-0 Nc6 9. f4 0-0 10. Bf3 Qb6 11. Na4 Qa5 12. c4 Rb8 13. a3 Nxd4 14. Bxd4 b5 15. cxb5 axb5 16. Nc3 b4 17. axb4 Qxb4 18. Ba7 Rb7 19. e5 Rxa7 20. Rxa7 Qb6+ 21. Kh1 Qxa7 22. exf6 Bxf6 23. Re1 Bb7 24. Bxb7 Qxb7 25. Nd5 Qxb2 26. Nxe7+ Bxe7 27. Rxe7 Qf6 28. Rd7 Ra8 29. Rc7 Qxf4 30. h3 Qg3 31. Qf1 Qb3 32. Rd7 Qe6 33. Rc7 Re8 34. Kh2 Re7 35. Rc1 Qe5+ 36. Kh1 d5 37. Qd3 Qe4 38. Qa3 Re8 39. Qd6 Qe6 40. Qc5 Qe3 41. Qc6 Qe6 42. Qc5 Qe4 43. Rd1 Re5 44. Qc7 Re8 45. Qd7 Qe6 46. Qxd5 Qxd5 47. Rxd5 Re1+ 48. Kh2 Re2 49. Kg3 Kg7 50. Kf3 Ra2 51. Rb5 Rc2 52. h4 h5 53. Rb6 Rc3+ 54. Kf2 Rc4 55. g3 Ra4 56. Rc6 Rg4 57. Kf3 Rd4 58. Rb6 Ra4 59. Rc6 Ra7 60. Rb6 Rc7 61. Rd6 Rb7 62. Rc6 Re7 63. Rb6 Re6 64. Rb8 Ra6 65. Rb7 Kf6 66. Kf4 Ke6 67. Rb4 Rc6 68. Rd4 Rc5 69. Ra4 Rf5+ 70. Ke4 Rf1 71. Ra6+ Ke7 72. Ra7+ Kf6 73. Ra6+ Ke7 74. Ra7+ Kf6 75. Ra6+ Kg7 76. Ra7 Kh6 77. Ra3 f6 78. Ra6 Rf2 79. Ra5 Rf1 80. Rb5 g5 81. hxg5+ fxg5 82. Rb6+ Kg7 83. Rb7+ Kg6 84. Rb6+ Rf6 85. Rb5 h4 86. gxh4 gxh4 87. Rb8 Kg5 88. Rg8+ Kh5 89. Rh8+ Kg4 90. Rg8+ Kh3 91. Ke3 Kh2 92. Rg7 h3 93. Rg8 Rf1 94. Rg7 Kh1 95. Rg3 h2 96. Rg8 Rg1 97. Rh8 Kg2 98. Rg8+ Kf1 99. Rf8+ Ke1 100. Rb8 Kd1 101. Kd3 Kc1 102. Kc3 Rg3+ 0-1

[Event "Senigallia op 5th"]
[Site "Senigallia"]
[Date "2010.08.02"]
[Round "1"]
[White "Ubezio, Marco"]
[Black "Polin, Giulia"]
[Result "1/2-1/2"]
[WhiteElo "2139"]
[BlackElo "1831"]
[PlyCount "55"]
[EventDate "2010.08.02"]
[EventType "swiss"]
[EventRounds "7"]
[EventCountry "ITA"]
[SourceTitle "CBM 137 Extra"]
[Source "ChessBase"]
[SourceDate "2010.09.01"]
[SourceVersion "1"]
[SourceVersionDate "2010.09.01"]
[SourceQuality "1"]

1. e4 c5 2. Nf3 d6 3. Bb5+ Bd7 4. Bxd7+ Qxd7 5. 0-0 Nf6 6. e5 dxe5 7. Nxe5 Qc7 8. d4 cxd4 9. Bf4 Nc6 10. Ng6 e5 11. Nxe5 Nxe5 12. Bxe5 Qxe5 13. Re1 Ne4 14. Nd2 f5 15. f3 Bd6 16. g3 0-0 17. fxe4 f4 18. Nf3 Qh5 19. Nxd4 Qxd1 20. Raxd1 fxg3 21. Ne6 gxh2+ 22. Kh1 Bg3 23. Re3 Bf2 24. Red3 Rf6 25. Ng5 Raf8 26. Kxh2 Bh4 27. Nh3 Re6 28. Kg1 1/2-1/2

[Event "Montebelluna op 10th"]
[Site "Montebelluna"]
[Date "2009.12.28"]
[Round "3"]
[White "Sorbera, Giovanni"]
[Black "Polin, Giulia"]
[Result "1-0"]
[WhiteElo "1968"]
[BlackElo "1826"]
[PlyCount "49"]
[EventDate "2009.12.27"]
[EventType "swiss"]
[EventRounds "7"]
[EventCountry "ITA"]
[SourceTitle "EXT 2012"]
[Source "ChessBase"]
[SourceDate "2011.11.24"]
[SourceVersion "1"]
[SourceVersionDate "2011.11.24"]
[SourceQuality "1"]

1. e4 c5 2. Nf3 d6 3. c3 Nf6 4. Be2 Nc6 5. d4 cxd4 6. cxd4 Nxe4 7. d5 Qa5+ 8. Nc3 Nxc3 9. bxc3 Ne5 10. Qd4 Nxf3+ 11. Bxf3 Qa6 12. Be2 Qa5 13. 0-0 e5 14. dxe6 Bxe6 15. Rb1 Qc7 16. Bb5+ Kd8 17. Rd1 Kc8 18. Bf4 a6 19. Be2 Bxa2 20. Rb6 Be6 21. Bf3 Rb8 22. Bxd6 Bxd6 23. Rxd6 Rg8 24. Bg4 Ra8 25. Rxe6 1-0

[Event "Chioggia op-A 04th"]
[Site "Chioggia"]
[Date "2009.10.09"]
[Round "1"]
[White "Boscolo Meneguolo, Federico"]
[Black "Polin, Giulia"]
[Result "1-0"]
[WhiteElo "1993"]
[BlackElo "1786"]
[PlyCount "91"]
[EventDate "2009.10.09"]
[EventType "swiss"]
[EventRounds "5"]
[EventCountry "ITA"]
[SourceTitle "EXT 2022"]
[Source "ChessBase"]
[SourceDate "2021.10.06"]
[SourceVersion "1"]
[SourceVersionDate "2021.10.06"]
[SourceQuality "1"]

1. e4 c5 2. c3 e6 3. d4 d5 4. exd5 cxd4 5. dxe6 Bxe6 6. cxd4 Nc6 7. Nf3 Nf6 8. Nc3 Bb4 9. Bd3 0-0 10. 0-0 Bg4 11. Be3 Kh8 12. Be2 Nd5 13. Qd3 Qd7 14. Rac1 Bf5 15. Qb5 Rad8 16. Nxd5 Qxd5 17. Qxd5 Rxd5 18. Bc4 Rd7 19. a3 Be7 20. Bb5 Be4 21. Bxc6 Bxc6 22. Ne5 Rd6 23. Rfd1 Ba4 24. Rd3 Bf6 25. Rdc3 Bxe5 26. dxe5 Ra6 27. Rc7 Bc6 28. Bc5 Rd8 29. Rxf7 Kg8 30. Rf4 Ra5 31. Bd6 Rd5 32. h3 Rd2 33. b4 a6 34. a4 Rb2 35. e6 Rxd6 36. e7 g5 37. Rf8+ Kg7 38. Rxc6 Rd1+ 39. Kh2 Re1 40. Rc7 Rxe7 41. Rxe7+ Kxf8 42. Rxb7 Rxf2 43. Rxh7 Rd2 44. a5 Rb2 45. Rb7 Rb3 46. b5 1-0

[Event "EU-ch U16 Girls 19th"]
[Site "Fermo"]
[Date "2009.09.01"]
[Round "2"]
[White "Polin, Giulia"]
[Black "De Seroux, Camille"]
[Result "1/2-1/2"]
[WhiteElo "1711"]
[BlackElo "1950"]
[PlyCount "63"]
[EventDate "2009.08.31"]
[EventType "swiss"]
[EventRounds "9"]
[EventCountry "ITA"]
[SourceTitle "CBM 132 Extra"]
[Source "ChessBase"]
[SourceDate "2009.11.03"]
[SourceVersion "1"]
[SourceVersionDate "2009.11.03"]
[SourceQuality "1"]

1. e4 c5 2. Nf3 d6 3. d4 cxd4 4. Nxd4 Nf6 5. Nc3 g6 6. Be2 Bg7 7. Be3 0-0 8. 0-0 Nc6 9. Nb3 Bd7 10. f4 Rc8 11. Kh1 a6 12. Bf3 b5 13. Rb1 Na5 14. g4 Nc4 15. Bd4 e5 16. fxe5 dxe5 17. Bc5 Rxc5 18. Nxc5 Ne3 19. Qd6 Nxf1 20. Nxd7 Qxd7 21. Qxd7 Nxd7 22. Rxf1 Rc8 23. Rd1 Nc5 24. g5 Ne6 25. Bg4 b4 26. Nd5 Rxc2 27. Bxe6 fxe6 28. Nxb4 Rxb2 29. Nxa6 Rxa2 30. Nc7 Ra7 31. Nxe6 Re7 32. Nxg7 1/2-1/2

[Event "ITA-ch (Women) 36th"]
[Site "Bratto"]
[Date "2009.08.27"]
[Round "7"]
[White "Polin, Giulia"]
[Black "Casolino, Rosa Maria"]
[Result "1-0"]
[WhiteElo "1711"]
[BlackElo "1826"]
[PlyCount "63"]
[EventDate "2009.08.21"]
[EventType "swiss"]
[EventRounds "9"]
[EventCountry "ITA"]
[SourceTitle "EXT 1999"]
[Source "ChessBase"]
[SourceDate "1998.11.16"]
[SourceVersion "1"]
[SourceVersionDate "1998.11.16"]
[SourceQuality "1"]

1. e4 c5 2. Nf3 d6 3. d4 cxd4 4. Nxd4 Nf6 5. Nc3 a6 6. Be2 e5 7. Nb3 Be7 8. 0-0 Be6 9. f4 exf4 10. Bxf4 Nbd7 11. Qe1 Nf8 12. Qg3 Ng6 13. Be3 0-0 14. Nd4 Nd7 15. Nf5 Nde5 16. Nd5 Bxd5 17. exd5 Bf6 18. c4 b6 19. Rae1 Rc8 20. b3 Kh8 21. Qf2 Ne7 22. Bxb6 Qd7 23. Nxe7 Qxe7 24. c5 Ra8 25. cxd6 Qd7 26. Bc7 Rfc8 27. Qf5 Qe8 28. Bg4 Qb5 29. Rxe5 Bxe5 30. Qxe5 Re8 31. Qf5 Qc5+ 32. Qf2 1-0

[Event "ITA-ch U16 Girls"]
[Site "Courmayeur"]
[Date "2009.06.30"]
[Round "3"]
[White "Venturelli, Miriam"]
[Black "Polin, Giulia"]
[Result "1-0"]
[WhiteElo "1520"]
[BlackElo "1704"]
[PlyCount "125"]
[EventDate "2009.06.29"]
[EventType "swiss"]
[EventRounds "9"]
[EventCountry "ITA"]
[SourceTitle "EXT 2012"]
[Source "ChessBase"]
[SourceDate "2011.11.24"]
[SourceVersion "1"]
[SourceVersionDate "2011.11.24"]
[SourceQuality "1"]

1. e4 c5 2. c3 Nf6 3. e5 Nd5 4. d4 e6 5. Nf3 Be7 6. Bc4 Nb6 7. Bb5 0-0 8. 0-0 d6 9. exd6 Bxd6 10. Be3 cxd4 11. Nxd4 e5 12. Nf3 Bg4 13. Nbd2 Nc6 14. Qc2 h6 15. Ne1 Qh4 16. Ne4 Bc7 17. f3 Be6 18. Bf2 Qh5 19. Ng3 Qg5 20. Ne4 Qg6 21. Bd3 f5 22. Ng3 Nd5 23. Bc4 Rad8 24. Rd1 Nf4 25. Bxe6+ Nxe6 26. Ne2 Rxd1 27. Qxd1 Rd8 28. Qc2 Qg5 29. Ng3 Rd2 30. Qb3 Kf7 31. Qxb7 Na5 32. Qxa7 Rxb2 33. Nd3 Rb7 34. Qa6 Qf6 35. Nb4 Nf4 36. Qxf6+ Kxf6 37. Rd1 Ke6 38. Be3 Bb6 39. Bxb6 Rxb6 40. Kf2 Nc4 41. Ne2 Nh5 42. Rd8 Ke7 43. Rc8 Nd6 44. Rc6 Rb5 45. a4 Rb8 46. a5 Ra8 47. a6 e4 48. fxe4 Nxe4+ 49. Ke3 Kd7 50. Nd4 Nhf6 51. Kf4 g6 52. h3 Nh5+ 53. Kf3 Nhf6 54. Nd3 Ng5+ 55. Ke2 Nfe4 56. Ne5+ Kd8 57. Rxg6 Ke7 58. Ndc6+ Kf8 59. Kd3 Nc5+ 60. Kc4 Nxa6 61. Rxh6 Nf7 62. Rf6 Kg7 63. Rxf7+ 1-0

[Event "Chioggia op-A 03rd"]
[Site "Chioggia"]
[Date "2008.10.10"]
[Round "1"]
[White "Marinc, Damir"]
[Black "Polin, Giulia"]
[Result "1-0"]
[WhiteElo "2000"]
[BlackElo "1676"]
[PlyCount "61"]
[EventDate "2008.10.10"]
[EventType "swiss"]
[EventRounds "5"]
[EventCountry "ITA"]
[SourceTitle "EXT 2022"]
[Source "ChessBase"]
[SourceDate "2021.10.06"]
[SourceVersion "1"]
[SourceVersionDate "2021.10.06"]
[SourceQuality "1"]

1. e4 c5 2. Nf3 d6 3. Bb5+ Nd7 4. 0-0 e6 5. Re1 a6 6. Bf1 Ngf6 7. d4 cxd4 8. Nxd4 Be7 9. Nc3 0-0 10. g3 Qc7 11. Bg2 Ne5 12. a4 Rb8 13. h3 b6 14. f4 Ned7 15. Be3 Bb7 16. Qd2 Nc5 17. Bf2 Rfd8 18. Qe3 d5 19. exd5 Nxd5 20. Nxd5 Bxd5 21. Bxd5 Rxd5 22. b4 Nb7 23. Nxe6 Qd7 24. c4 Rd3 25. Qe5 fxe6 26. Qxb8+ Kf7 27. Rab1 Rd2 28. Qe5 Bf6 29. Qh5+ Kg8 30. Rbd1 Bd4 31. Rxd2 1-0

[Event "ITA-ch (Women)"]
[Site "Bratto"]
[Date "2008.08.24"]
[Round "3"]
[White "Tonel, Giulia"]
[Black "Polin, Giulia"]
[Result "1-0"]
[WhiteElo "1983"]
[BlackElo "1551"]
[PlyCount "105"]
[EventDate "2008.08.22"]
[EventType "swiss"]
[EventRounds "9"]
[EventCountry "ITA"]
[SourceTitle "CBM 126 Extra"]
[Source "ChessBase"]
[SourceDate "2008.11.05"]
[SourceVersion "1"]
[SourceVersionDate "2008.11.05"]
[SourceQuality "1"]

1. e4 c5 2. Nf3 d6 3. d4 cxd4 4. Qxd4 a6 5. c4 Nc6 6. Qd2 Nf6 7. Nc3 e6 8. b3 Be7 9. Bb2 0-0 10. Bd3 Nd7 11. 0-0 Nc5 12. Bc2 b6 13. Rad1 Bb7 14. Rfe1 Qc7 15. Bb1 Rad8 16. Qf4 Nd7 17. Qg3 Nf6 18. Ne2 e5 19. Nh4 Nh5 20. Qh3 g6 21. Nf5 gxf5 22. Qxh5 Kh8 23. exf5 Bf6 24. Ng3 Rg8 25. Ne4 Qe7 26. Re3 Nb8 27. Rh3 Rg7 28. Ba3 Bxe4 29. Bxe4 Qf8 30. Bc1 Qg8 31. Bh6 Rg4 32. Bd5 Rd7 33. Rg3 Rxg3 34. hxg3 a5 35. g4 Na6 36. g5 Bg7 37. Bxg7+ Qxg7 38. f6 Qg6 39. Qxg6 hxg6 40. a3 Kg8 41. Rd3 Nc5 42. Rh3 Na6 43. Rh6 Nc7 44. Rxg6+ Kf8 45. Rh6 Kg8 46. Be4 Ne6 47. Bh7+ Kf8 48. Bf5 Kg8 49. g6 Rd8 50. Bxe6 fxe6 51. Rh7 d5 52. f7+ Kf8 53. Rh8+ 1-0

[Event "ITA-ch U16 Girls"]
[Site "Merano"]
[Date "2008.07.08"]
[Round "4"]
[White "Palmitessa, Chiara"]
[Black "Polin, Giulia"]
[Result "1-0"]
[WhiteElo "1743"]
[BlackElo "1551"]
[PlyCount "67"]
[EventDate "2008.07.06"]
[EventType "swiss"]
[EventRounds "9"]
[EventCountry "ITA"]
[SourceTitle "EXT 2011"]
[Source "ChessBase"]
[SourceDate "2010.11.26"]
[SourceVersion "1"]
[SourceVersionDate "2010.11.26"]
[SourceQuality "1"]

1. e4 c5 2. Nf3 d6 3. c3 Nf6 4. h3 Nbd7 5. Bd3 e6 6. Bc2 Be7 7. d4 cxd4 8. cxd4 0-0 9. Nc3 b6 10. 0-0 Bb7 11. Qd3 e5 12. d5 Nc5 13. Qe3 Ba6 14. Rd1 Nh5 15. b4 Nd7 16. Ba4 Rc8 17. Bc6 Nb8 18. b5 Nxc6 19. dxc6 Nf4 20. bxa6 Rxc6 21. Nxe5 Rxc3 22. Qxf4 dxe5 23. Rxd8 exf4 24. Rd7 Ba3 25. Bxf4 Ra8 26. Rad1 Rac8 27. Rb7 Rc2 28. Rdd7 Bc5 29. Bg3 Rxa2 30. Rxf7 Bf8 31. Be5 Rxa6 32. Bxg7 Bd6 33. Bf6 Bf8 34. Rxh7 1-0